[Event "Besancon op"]
[Site "Besancon"]
[Date "2008.12.29"]
[Round "4"]
[White "Scamps, Roland"]
[Black "Quagliozzi, Francesco"]
[Result "0-1"]
[WhiteElo "1839"]
[BlackElo "1540"]
[PlyCount "36"]
[EventDate "2008.12.26"]
[EventType "swiss"]
[EventRounds "7"]
[EventCountry "FRA"]
[SourceTitle "CBM 128 Extra"]
[Source "ChessBase"]
[SourceDate "2009.03.05"]
[SourceVersion "2"]
[SourceVersionDate "2009.03.25"]
[SourceQuality "1"]

1. d4 Nf6 2. Nf3 e6 3. Bg5 Be7 4. Nbd2 d6 5. e4 c6 6. Bd3 b6 7. c4 Na6 8. a3 Nc7 9. 0-0 Bd7 10. Rc1 Rb8 11. Re1 b5 12. Qc2 a6 13. h3 g6 14. Bh6 Ng8 15. Bg7 Bf6 16. Bxh8 Bxh8 17. e5 d5 18. c5 Ne7 0-1

[Event "Besancon op"]
[Site "Besancon"]
[Date "2004.12.29"]
[Round "4"]
[White "Charmier, Gregory"]
[Black "Scamps, Roland"]
[Result "1/2-1/2"]
[WhiteElo "2134"]
[BlackElo "1780"]
[PlyCount "115"]
[EventDate "2004.12.27"]
[EventType "swiss"]
[EventRounds "7"]
[EventCountry "FRA"]
[SourceTitle "EXT 2006"]
[Source "ChessBase"]
[SourceDate "2005.11.24"]
[SourceVersion "1"]
[SourceVersionDate "2005.11.24"]
[SourceQuality "1"]

1. Nf3 Nf6 2. g3 d5 3. Bg2 Nbd7 4. d3 c6 5. 0-0 e5 6. Nbd2 Bd6 7. e4 0-0 8. Re1 Re8 9. c3 Qc7 10. Nf1 Rb8 11. Nh4 Nb6 12. Ne3 dxe4 13. dxe4 Be6 14. Nef5 Bc5 15. Bg5 Rbd8 16. Qf3 Nbd7 17. Rad1 h6 18. Nxh6+ gxh6 19. Bxf6 Nxf6 20. Qxf6 Kh7 21. Nf5 Bxf5 22. Qxf5+ Kg7 23. Bf3 Re6 24. Kg2 Rxd1 25. Rxd1 Qe7 26. h4 Qf6 27. Qg4+ Kf8 28. Rd2 a5 29. Bd1 Rd6 30. Qe2 Rxd2 31. Qxd2 Qd6 32. Qc2 b5 33. Bg4 Bb6 34. Qe2 Bc7 35. Qf3 c5 36. Qf5 b4 37. Qh7 Qf6 38. c4 a4 39. a3 bxa3 40. bxa3 Ba5 41. Bd7 Bc3 42. Bxa4 Bb2 43. Bd1 Bxa3 44. Bh5 Bb2 45. f3 Bc1 46. Bg4 Be3 47. Bf5 Qg7 48. Kh3 Qxh7 49. Bxh7 Kg7 50. Bf5 f6 51. Kg4 Bd4 52. Be6 Kg6 53. Bd7 h5+ 54. Kh3 Be3 55. Be8+ Kh6 56. Kg2 Bd4 57. f4 Bc3 58. Kf3 1/2-1/2